Cell Bio Lecture 2 Quiz Stats

 Plays Quiz not verified by Sporcle

Challenge
Share
Tweet
Embed
Score 0/21 Timer 10:00
0 Plays Today
Question Answer % Correct
The RER is continuous with what structure????
100%
Which Golgi network is the sorting station????
50%
What class of enzyme adds sugars to proteins and lipids????
50%
What does ERGIC stand for????
50%
What G protein is involved in formation of COPII vesicles????
50%
What G protein is involved in formation of COPI vesicles????
50%
What amino sequence is on escaped molecules????
50%
What do ribosomes in the cytoplasm produce????
0%
Where are lipids and proteins formed????
0%
What is used to make phospholipids????
0%
How are phospholipids transported????
0%
Question Answer % Correct
Which lipids are completed in the Golgi complex????
0%
What is glycosylation critical for????
0%
What do glycosyltransferases do????
0%
Where are oligosaccharides produced? Using what molecules???
0%
What molecules inspect the polypeptide when being modified????
0%
Vesicles bud from what part of the RER????
0%
What holds the Golgi complex in place????
0%
What are the two layers of the coated vesicles????
0%
What does VTC stand for????
0%
How are components transported from the RER to the cis-Golgi????
0%

You're not logged in!

Compare scores with friends on all Sporcle quizzes.
Join for Free
OR
Log In

You Might Also Like...

Show Comments

Extras

Created Mar 29, 2012ReportNominate
Tags:cell

Top Quizzes Today


Score Distribution

Your Account Isn't Verified!

In order to create a playlist on Sporcle, you need to verify the email address you used during registration. Go to your Sporcle Settings to finish the process.

Report this User

Report this user for behavior that violates our Community Guidelines.

Details: